Мавлид ан-Набий. № 11 (Запись № 13135876)
[ простой вид ]
| 000 -МАРКЕР | |
|---|---|
| контрольное поле | 01515nam2a2200229 4500 |
| 001 - ИДЕНТИФИКАТОР ЗАПИСИ | |
| контрольное поле | RU\NLR\BIBL_A\022232599 |
| 005 - ИДЕНТИФИКАТОР ВЕРСИИ | |
| контрольное поле | 20250625165600.0 |
| 010 ## - МЕЖДУНАРОДНЫЙ СТАНДАРТНЫЙ НОМЕР КНИГИ (ISBN) | |
| Номер (ISBN) | 978-5-9756-0188-9 |
| 010 ## - МЕЖДУНАРОДНЫЙ СТАНДАРТНЫЙ НОМЕР КНИГИ (ISBN) | |
| Номер (ISBN) | 5-9756-0188-6 |
| 035 ## - ДРУГИЕ СИСТЕМНЫЕ НОМЕРА | |
| Идентификатор записи | (NLR Aleph) 022232599 |
| 100 ## - ДАННЫЕ ОБЩЕЙ ОБРАБОТКИ | |
| Данные общей обработки | 20240524d2023 |||y0rusy50 ca |
| 101 0# - ЯЗЫК РЕСУРСА | |
| Язык текста, звукозаписи и т.д. | русский |
| 102 ## - СТРАНА ПУБЛИКАЦИИ ИЛИ ПРОИЗВОДСТВА | |
| Страна публикации | Российская Федерация |
| 200 0# - ЗАГЛАВИЕ И СВЕДЕНИЯ ОБ ОТВЕТСТВЕННОСТИ | |
| Основное заглавие | № 11 |
| 210 ## - ПУБЛИКАЦИЯ, РАСПРОСТРАНЕНИЕ И ДР. | |
| Дата издания, распространения и т.д. | 2023 |
| Место издания, распространения и т.д. | Б. м. |
| 461 #0 - УРОВЕНЬ НАБОРА | |
| Встроенное поле | 001RU\NLR\Per\569515 |
| -- | 2001#$aМавлид ан-Набий$eежегодный научно-культурологический альманах, посвященный празднику рождества Пророка Мухаммада$eежегодный богословский альманах$eсборник статей, посвященный жизни и наследию Пророка Мухаммада$fФонд им. имама Абу-Ханифы и др.$v№ 11 |
| Системный номер (АБИС) связанной записи | 2680405 |
| Место публикации | Нижний Новгород |
| Дата публикации | 2007 - |
| Первые сведения об ответственности | Фонд им. имама Абу-Ханифы и др. |
| Имя издателя, распространителя и т.д. | Медина |
| Сведения, относящиеся к заглавию | ежегодный научно-культурологический альманах, посвященный празднику рождества Пророка Мухаммада : ежегодный богословский альманах : сборник статей, посвященный жизни и наследию Пророка Мухаммада |
| Заглавие | Мавлид ан-Набий |
| Номер тома | № 11 |
| 852 ## - МЕСТОНАХОЖДЕНИЕ И ШИФР ХРАНЕНИЯ | |
| Идентификатор организации | NLR |
| Шифр хранения (Call Number) | П38/291 |
| 942 ## - ДОПОЛНИТЕЛЬНЫЕ ЭЛЕМЕНТЫ ЗАПИСИ (АБИС) | |
| Тип экземпляра АБИС | Выпуск |
| 980 ## - КОЛЛЕКЦИЯ | |
| Название коллекции | Национальная библиография |
| 980 ## - КОЛЛЕКЦИЯ | |
| Название коллекции | Русская периодика |
Нет доступных экземпляров.